000 00726nam a22002057a 4500
005 20100726124045.0
010 _aENG-97003
020 _a8183161979
_c70.00
035 _aEN-80536
037 _bDBAD/PUB
082 _a480.6
100 _aSarma, O.A.
_9761
245 _aWord games quiz /
_cby O.A. Sarma [and] Chalapathi Rao I.V.
260 _aNew Delhi
_bNeelkamal Publications
_c2008
270 _aBG5/9B, Pashim Vihar,
_bNew Delhi
_e110063
300 _a109p.
_c22cm (pbk)
700 _aRao, I.V. Chalapathi
_91447
942 _2ddc
_cEN
_h480.6
_mSAR
999 _c37691
_d37691